000 01050nam a22002537a 4500
999 _c63801
_d63801
005 20240530110659.0
008 171225s2015 ua a g b 000 0dara d
017 _a2014/25599
_bمصر. دار الكتب
020 _a9789779200231
040 _aEG-CaGPL
_cEG-CaGPL
082 0 4 _221
_a219\
_bآ إ
100 1 _aادمس ، تشارلز
245 1 2 _aالاسلام والتجديد فى مصر /
_cتأليف تشارليز ادمس ؛ ترجمة عباس محمود ؛ تقديم احمد زكريا الشلق .
250 _aط.1
260 _aالقاهرة :
_bالمركز القومى للترجمة ،
_c2015 .
300 _a294 ص. ؛
_c24 سم.
490 1 _aالمركز القومى للترجمة : سلسلة ميراث الترجمة ؛
_v2679
650 0 7 _2qrmak
_aالاسلام
_xحركات الاصلاح والتجديد
651 _2qrmak
700 0 _aعباس محمود
_eمترجم
700 0 _aاحمد زكريا الشلق
_eمقدم
942 _2ddc
_cBK